000 00864nam a22001937a 4500
005 20240220113921.0
010 _aHIN-126921
020 _c975.00
_a9788185213344
035 _aHN-99267
037 _bDBAD/PUB
082 _a821.08
100 _aसुमन
_962285
245 _aडॉ गणेशदत्त शर्मा के काव्यो का शैलीवैज्ञानिक अध्ययन/
_cसुमन
250 _a1
260 _aदिल्ली
_bएस. पी. कौशिक इंटरप्राइजेज
_c2022
270 _aए-49 , भू-तल , गली न. 6 , जगत पुरी एक्सटेंशन
_bदिल्ली
_e110093
_mspkaushikenterprises@gmail.com
300 _a312p.;
_c22 सेमी (सजिल्द)
942 _2ddc
_cHN
_h821.08
_mसुमन
999 _c200916
_d200916